000 00644nam a22002297a 4500
003 UA-OsUOA
001 91275
007 ta
008 20121126b un ||||| |||| 00| 0 ukr d
100 _aСтанюкович К.М.
090 _a821.161.2
_bС76
942 _cBK
040 _aUA-OsUOA
_brus
_cUA-OsUOA
_dUA-OsUOA
245 _aСобрание сочинений
_b6
_cПроизведения 1894-1902
300 _a781 с.
955 _a2
041 _arus
080 _a821.161.2
260 _aМ.
_bГослитиздат
_c1959
650 7 _a82 Література. Літературознавство
_2UDC
999 _c377556
_d377556